[Event "Figueira da Foz op 14th"]
[Site "Figueira da Foz"]
[Date "2020.10.30"]
[Round "8"]
[White "Dantas, Carlos"]
[Black "Fonseca, Pedro Miguel Ramos"]
[Result "1-0"]
[WhiteElo "2126"]
[BlackElo "1590"]
[PlyCount "139"]
[EventDate "2020.10.24"]
[EventType "swiss"]
[EventRounds "9"]
[EventCountry "POR"]
[SourceTitle "CBM 199 Extra"]
[Source "ChessBase"]
[SourceDate "2021.01.31"]
[SourceVersion "1"]
[SourceVersionDate "2021.01.31"]
[SourceQuality "1"]

1. e4 e5 2. Nf3 Nc6 3. Bb5 a6 4. Ba4 Nf6 5. d3 b5 6. Bb3 Be7 7. c3 0-0 8. 0-0 Bb7 9. Nbd2 d5 10. Re1 Re8 11. Qe2 Bf8 12. a4 Qd7 13. Nf1 Na5 14. Bc2 dxe4 15. dxe4 Bc6 16. Bg5 Qe6 17. Bxf6 Qxf6 18. Ne3 bxa4 19. Bxa4 Qe6 20. b4 Bxa4 21. Rxa4 Nb7 22. Rea1 a5 23. Nd5 Rac8 24. bxa5 Nc5 25. R4a2 f5 26. Ng5 Qg6 27. h4 h6 28. Qc4 Kh8 29. exf5 Qxf5 30. Ne3 Qg6 31. Nf3 e4 32. Nd4 Na6 33. h5 Qf6 34. Nc6 Nc5 35. Nb4 Bd6 36. Rd1 Qh4 37. g3 Qxh5 38. Rd5 Re5 39. a6 Rg5 40. Rxg5 Qxg5 41. Qd5 Qxd5 42. Nexd5 Kg8 43. a7 Ra8 44. Nc6 Kf7 45. Rb2 Na6 46. Rb7 Ke6 47. Ndb4 Nxb4 48. cxb4 Kd5 49. b5 Bc5 50. Rxc7 e3 51. fxe3 Bxe3+ 52. Kg2 Bb6 53. Rb7 Kc5 54. Rb8 Rxa7 55. Nxa7 Bxa7 56. Rb7 Bb6 57. Rxg7 Kxb5 58. Rg6 Be3 59. Kf3 Bd2 60. Rd6 Bc1 61. Kg4 Kc5 62. Rd1 Be3 63. Kh5 Kc6 64. g4 Bg5 65. Kg6 Kc7 66. Rh1 Kd7 67. Rxh6 Bxh6 68. Kxh6 Ke7 69. g5 Kf8 70. Kh7 1-0

[Event "Figueira da Foz op 14th"]
[Site "Figueira da Foz"]
[Date "2020.10.28"]
[Round "6"]
[White "Dantas, Carlos"]
[Black "Santos, Luis M"]
[Result "1-0"]
[WhiteElo "2126"]
[BlackElo "2269"]
[PlyCount "95"]
[EventDate "2020.10.24"]
[EventType "swiss"]
[EventRounds "9"]
[EventCountry "POR"]
[SourceTitle "CBM 199 Extra"]
[Source "ChessBase"]
[SourceDate "2021.01.31"]
[SourceVersion "1"]
[SourceVersionDate "2021.01.31"]
[SourceQuality "1"]

1. e4 e5 2. Nf3 Nc6 3. Bb5 Nf6 4. d3 Bb4+ 5. c3 Be7 6. Bxc6 bxc6 7. Nxe5 Bb7 8. Qb3 d5 9. Qxb7 0-0 10. Nxc6 Qd6 11. Nxe7+ Qxe7 12. Be3 Rab8 13. Qxa7 dxe4 14. dxe4 Nxe4 15. 0-0 Rxb2 16. Qa3 Qxa3 17. Nxa3 Ra8 18. Nc4 Rc2 19. Rfc1 Rcxa2 20. Rxa2 Rxa2 21. f3 Nf6 22. Bg5 Nd5 23. Rd1 c6 24. Ne3 h6 25. Nxd5 cxd5 26. Be7 Ra5 27. Bb4 Rb5 28. Kf2 f6 29. Ke3 Kf7 30. Kd4 Kg6 31. Ra1 Rb7 32. Kxd5 Rd7+ 33. Bd6 Rb7 34. Ra2 Rb1 35. c4 Rd1+ 36. Ke6 Re1+ 37. Kd7 Rc1 38. c5 Rc4 39. c6 Kf5 40. c7 g5 41. c8Q Rxc8 42. Kxc8 h5 43. Kd7 g4 44. Ke7 gxf3 45. gxf3 Kg5 46. Kf7 f5 47. h4+ Kxh4 48. Bf4 1-0

[Event "Famalicao op 7th"]
[Site "Vila Nova de Famalicao"]
[Date "2019.07.29"]
[Round "3"]
[White "Dantas, Carlos"]
[Black "Fernandes, Rui Filipe Santos"]
[Result "1-0"]
[WhiteElo "2109"]
[BlackElo "1434"]
[PlyCount "56"]
[EventDate "2019.07.28"]
[EventType "swiss"]
[EventRounds "9"]
[EventCountry "POR"]
[SourceTitle "CBM 191 Extra"]
[Source "ChessBase"]
[SourceDate "2019.09.30"]
[SourceVersion "1"]
[SourceVersionDate "2019.09.30"]
[SourceQuality "1"]

1. e4 c5 2. Nf3 Nc6 3. Bb5 g6 4. 0-0 Bg7 5. Re1 e5 6. c3 Nge7 7. h3 0-0 8. d3 a6 9. Ba4 b5 10. Bb3 h6 11. Be3 d6 12. a4 b4 13. d4 cxd4 14. cxd4 a5 15. dxe5 Nxe5 16. Nxe5 Bxe5 17. Bxh6 Bxb2 18. Ra2 Bg7 19. Bg5 Be6 20. Nd2 Bxb3 21. Nxb3 Qc7 22. Rc2 Bc3 23. Nd4 Qc5 24. Bf6 Ra7 25. Nb5 Rd7 26. Nxc3 bxc3 27. Rxc3 Qb4 28. Qg4 g5 1-0

[Event "Lisbon Portugal op"]
[Site "Lisbon"]
[Date "2018.02.04"]
[Round "2"]
[White "Dantas, Carlos"]
[Black "Froewis, Georg"]
[Result "0-1"]
[WhiteElo "2129"]
[BlackElo "2428"]
[PlyCount "80"]
[EventDate "2018.02.03"]
[EventType "swiss"]
[EventRounds "9"]
[EventCountry "POR"]
[SourceTitle "CBM 182 Extra"]
[Source "ChessBase"]
[SourceDate "2018.02.23"]
[SourceVersion "1"]
[SourceVersionDate "2018.02.23"]
[SourceQuality "1"]

1. e4 d5 2. exd5 Qxd5 3. Nc3 Qd6 4. d4 Nf6 5. Bc4 a6 6. Nge2 Qc6 7. Bb3 Qxg2 8. Rg1 Qh3 9. Bf4 g6 10. Bxc7 Bh6 11. Na4 Nbd7 12. Ng3 b5 13. Nc3 Bb7 14. d5 0-0 15. Nce2 Nc5 16. Bf4 Nxb3 17. axb3 Nxd5 18. Bxh6 Qxh6 19. c4 Nb4 20. Nf5 Qh3 21. Nxe7+ Kg7 22. Rg3 Qe6 23. Re3 Qf6 24. Qd2 a5 25. Nc3 Rfe8 26. Ned5 Bxd5 27. Nxd5 Nxd5 28. cxd5 Rxe3+ 29. fxe3 Qf3 30. Qd4+ Kg8 31. Rd1 Rc8 32. Qf4 Qh1+ 33. Qf1 Qxh2 34. d6 Rc2 35. Rd4 Rc1+ 36. Rd1 Qc2 37. Qf3 Rxd1+ 38. Qxd1 Qxd1+ 39. Kxd1 Kf8 40. e4 f6 0-1

[Event "Lisbon Portugal op"]
[Site "Lisbon"]
[Date "2017.02.08"]
[Round "7"]
[White "Dantas, Carlos"]
[Black "Giraldo Gerrero, Laureano"]
[Result "1-0"]
[WhiteElo "2159"]
[BlackElo "1724"]
[PlyCount "73"]
[EventDate "2017.02.04"]
[EventType "swiss"]
[EventRounds "9"]
[EventCountry "POR"]
[SourceTitle "CBM 176 Extra"]
[Source "ChessBase"]
[SourceDate "2017.03.02"]
[SourceVersion "1"]
[SourceVersionDate "2017.03.02"]
[SourceQuality "1"]

1. e4 d5 2. exd5 Nf6 3. Nf3 Bg4 4. Be2 Qxd5 5. d4 Nc6 6. 0-0 0-0-0 7. c3 e5 8. Be3 e4 9. Nfd2 h5 10. Re1 Bd6 11. Nf1 g5 12. Na3 Qf5 13. Nc4 Bf4 14. a4 h4 15. Bc1 Bh5 16. Nce3 Qg6 17. a5 Ne5 18. a6 b6 19. Qc2 Nd3 20. Rd1 Bxe2 21. Qxe2 g4 22. g3 hxg3 23. fxg3 Rdg8 24. Qg2 Nxc1 25. Rdxc1 Bxe3+ 26. Nxe3 Rh5 27. c4 Rgh8 28. Nf1 Rd8 29. Rd1 Rf5 30. Qc2 Rf3 31. Ra3 Qf5 32. Ne3 Qg5 33. Ng2 e3 34. Qe2 Re8 35. Rf1 Rxf1+ 36. Qxf1 e2 37. Qe1 1-0

[Event "Lisbon Portugal op"]
[Site "Lisbon"]
[Date "2017.02.05"]
[Round "3"]
[White "Dantas, Carlos"]
[Black "Lavrador, Rodolfo Manuel"]
[Result "1-0"]
[WhiteElo "2159"]
[BlackElo "1866"]
[PlyCount "69"]
[EventDate "2017.02.04"]
[EventType "swiss"]
[EventRounds "9"]
[EventCountry "POR"]
[SourceTitle "CBM 176 Extra"]
[Source "ChessBase"]
[SourceDate "2017.03.02"]
[SourceVersion "1"]
[SourceVersionDate "2017.03.02"]
[SourceQuality "1"]

1. e4 e6 2. d4 d5 3. Nc3 Bb4 4. exd5 exd5 5. Bd3 Nf6 6. Bg5 h6 7. Bh4 c6 8. Nge2 Nbd7 9. 0-0 0-0 10. a3 Be7 11. f3 Re8 12. Qd2 Nf8 13. Nd1 b5 14. c3 a5 15. Ne3 a4 16. Rae1 Ra7 17. Bg3 Bd6 18. Nf5 Bxf5 19. Bxf5 Bxg3 20. hxg3 Rae7 21. Nf4 Rxe1 22. Rxe1 Rxe1+ 23. Qxe1 Qe8 24. Qd2 N8d7 25. Nd3 Qe7 26. Kf2 Kf8 27. Qf4 g5 28. Qc7 c5 29. dxc5 d4 30. cxd4 Nd5 31. Qxd7 Qe3+ 32. Kf1 Qxd4 33. Qd6+ Kg8 34. Be4 Ne3+ 35. Ke2 1-0

[Event "Lisbon Portugal op"]
[Site "Lisbon"]
[Date "2017.02.05"]
[Round "4"]
[White "Fernandes, Antonio ETG"]
[Black "Dantas, Carlos"]
[Result "1-0"]
[WhiteElo "2463"]
[BlackElo "2159"]
[PlyCount "81"]
[EventDate "2017.02.04"]
[EventType "swiss"]
[EventRounds "9"]
[EventCountry "POR"]
[SourceTitle "CBM 176 Extra"]
[Source "ChessBase"]
[SourceDate "2017.03.02"]
[SourceVersion "1"]
[SourceVersionDate "2017.03.02"]
[SourceQuality "1"]

1. d4 Nf6 2. Nf3 g6 3. Bf4 d5 4. e3 Bg7 5. h3 0-0 6. Be2 c5 7. c3 cxd4 8. exd4 Nc6 9. Nbd2 Re8 10. 0-0 Nd7 11. Re1 h6 12. Nf1 Nf8 13. Ne3 g5 14. Bh2 Ng6 15. Bd3 e6 16. Bxg6 fxg6 17. Ng4 Rf8 18. Qd3 Kh7 19. Re2 a6 20. Rae1 Rf5 21. Be5 Bf8 22. g3 Be7 23. Kg2 Bd7 24. b3 b5 25. Nd2 Rc8 26. b4 a5 27. a3 a4 28. f4 Qf8 29. Nf3 Qg8 30. fxg5 hxg5 31. Rh1 Rcf8 32. h4 Nxe5 33. Nfxe5 Be8 34. hxg5+ Kg7 35. Nh6 Qh7 36. Nxf5+ gxf5 37. Rxh7+ Kxh7 38. g6+ Kg7 39. Re1 Bg5 40. Rh1 Bh6 41. Qe2 1-0

[Event "Lisbon Portugal op"]
[Site "Lisbon"]
[Date "2017.02.04"]
[Round "1"]
[White "Dantas, Carlos"]
[Black "Santos, Ana Pereira Dos"]
[Result "1-0"]
[WhiteElo "2159"]
[BlackElo "1462"]
[PlyCount "43"]
[EventDate "2017.02.04"]
[EventType "swiss"]
[EventRounds "9"]
[EventCountry "POR"]
[SourceTitle "CBM 176 Extra"]
[Source "ChessBase"]
[SourceDate "2017.03.02"]
[SourceVersion "1"]
[SourceVersionDate "2017.03.02"]
[SourceQuality "1"]

1. e4 e5 2. Nf3 Nc6 3. Bb5 a6 4. Ba4 Nf6 5. d3 Bc5 6. 0-0 b5 7. Bb3 h6 8. c3 Qe7 9. h3 0-0 10. Nh4 d6 11. Ng6 Qd8 12. Nxf8 Kxf8 13. Qf3 Be6 14. Be3 Bxb3 15. axb3 Bxe3 16. fxe3 d5 17. Nd2 d4 18. Qe2 Qd6 19. Rf3 Ne7 20. exd4 Qb6 21. Qf2 exd4 22. e5 1-0

[Event "Famalicao op 4th"]
[Site "Famalicao"]
[Date "2016.08.03"]
[Round "5"]
[White "Macedo, Adriano Esteves"]
[Black "Dantas, Carlos"]
[Result "1/2-1/2"]
[WhiteElo "1906"]
[BlackElo "2191"]
[PlyCount "37"]
[EventDate "2016.07.30"]
[EventType "swiss"]
[EventRounds "7"]
[EventCountry "POR"]
[SourceTitle "CBM 173 Extra"]
[Source "ChessBase"]
[SourceDate "2016.08.29"]
[SourceVersion "1"]
[SourceVersionDate "2016.08.29"]
[SourceQuality "1"]

1. Nf3 g6 2. g3 Bg7 3. d4 f5 4. Bg2 Nf6 5. 0-0 0-0 6. b4 d6 7. Bb2 c6 8. c4 Qc7 9. Qc2 Re8 10. Nbd2 e5 11. dxe5 dxe5 12. e4 fxe4 13. Ng5 a5 14. Ndxe4 axb4 15. c5 Nxe4 16. Qb3+ Kh8 17. Nf7+ Kg8 18. Nh6+ Kh8 19. Nf7+ 1/2-1/2

[Event "Famalicao op 3rd"]
[Site "Famalicao"]
[Date "2015.08.04"]
[Round "4"]
[White "Silva, Mariana Sofia Teixe"]
[Black "Dantas, Carlos"]
[Result "0-1"]
[WhiteElo "1839"]
[BlackElo "2140"]
[PlyCount "178"]
[EventDate "2015.08.02"]
[EventType "swiss"]
[EventRounds "7"]
[EventCountry "POR"]
[SourceTitle "CBM 167 Extra"]
[Source "ChessBase"]
[SourceDate "2015.09.14"]
[SourceVersion "1"]
[SourceVersionDate "2015.09.14"]
[SourceQuality "1"]

1. e4 e5 2. Nf3 Nf6 3. Nxe5 d6 4. Nf3 Nxe4 5. Nc3 Nxc3 6. dxc3 Be7 7. Bf4 Nc6 8. Qd2 Be6 9. 0-0-0 Qd7 10. Kb1 a6 11. Nd4 Nxd4 12. cxd4 d5 13. Bd3 0-0-0 14. Rhe1 Bd6 15. Bxd6 Qxd6 16. h3 Kb8 17. Re3 Rc8 18. c3 c5 19. dxc5 Rxc5 20. Bc2 Rhc8 21. Qd4 g6 22. Qe5 Qc7 23. Qxc7+ Kxc7 24. Rd4 b5 25. Re1 Kb6 26. g4 Rc4 27. Rd3 Rf4 28. Re2 h5 29. f3 hxg4 30. hxg4 Rh8 31. Bb3 Kc5 32. Red2 Rd8 33. Kc1 f5 34. Re3 Bc8 35. g5 a5 36. Re5 Bb7 37. Re6 Rd6 38. Rxd6 Kxd6 39. Bd1 Rh4 40. Rd4 Rh2 41. a4 Bc6 42. axb5 Bxb5 43. Bb3 Bc6 44. f4 Kc5 45. Rd2 Rh1+ 46. Kc2 Rf1 47. Rd4 Rf2+ 48. Kb1 Rf1+ 49. Ka2 Re1 50. Ba4 Bb7 51. Bc2 Ba6 52. b3 Re2 53. Kb2 Bb5 54. Kc1 Rf2 55. Kb2 Bf1 56. Kc1 Bg2 57. Ra4 Kb6 58. b4 axb4 59. Rxb4+ Kc7 60. Ba4 Be4 61. Be8 Rxf4 62. Bxg6 Rg4 63. Bf7 Rxg5 64. Rb5 Kc6 65. Be8+ Kd6 66. Kd2 Rg3 67. Rb6+ Ke5 68. Rc6 Kf4 69. Rc7 Rg2+ 70. Ke1 Ke3 71. Kf1 Rc2 72. Kg1 Rc1+ 73. Kh2 f4 74. Kh3 Bf5+ 75. Kh4 f3 76. Re7+ Be4 77. Bb5 Rxc3 78. Rf7 Kf2 79. Rg7 Rc1 80. Ra7 Kg1 81. Rg7+ Kh2 82. Rf7 Rb1 83. Ba6 Rb6 84. Bc8 Rg6 85. Rf8 Kg1 86. Bd7 f2 87. Bb5 Bg2 88. Rf5 Rd6 89. Rf8 f1Q 0-1

[Event "Famalicao op 3rd"]
[Site "Famalicao"]
[Date "2015.08.02"]
[Round "1"]
[White "Dantas, Carlos"]
[Black "Monteiro, Tomas Alexandre"]
[Result "1-0"]
[WhiteElo "2140"]
[BlackElo "1197"]
[PlyCount "82"]
[EventDate "2015.08.02"]
[EventType "swiss"]
[EventRounds "7"]
[EventCountry "POR"]
[SourceTitle "CBM 167 Extra"]
[Source "ChessBase"]
[SourceDate "2015.09.14"]
[SourceVersion "1"]
[SourceVersionDate "2015.09.14"]
[SourceQuality "1"]

1. Nf3 d5 2. d4 e6 3. g3 Nf6 4. Bg2 b6 5. 0-0 Bd6 6. Nbd2 0-0 7. c4 Bb7 8. b3 c5 9. e3 Nbd7 10. Bb2 Re8 11. Ne5 Qc7 12. Ndf3 Rac8 13. Rc1 Qb8 14. cxd5 Bxd5 15. Nxd7 Nxd7 16. dxc5 Rxc5 17. Qd4 f6 18. e4 Bb7 19. Rfd1 Bxe4 20. Qxe4 Rxc1 21. Bxc1 Nc5 22. Qc6 Rd8 23. Be3 Na6 24. Qc4 Qc8 25. Qxc8 Rxc8 26. Rxd6 Rc2 27. Rd2 Rxd2 28. Bxd2 Kf7 29. Nd4 Nc7 30. Nc6 a6 31. Be3 b5 32. Bb6 Nd5 33. Bxd5 exd5 34. Nb4 Ke6 35. Nxa6 Ke5 36. Nc7 b4 37. Na6 d4 38. Nxb4 Ke4 39. a4 d3 40. Nxd3 Kxd3 41. a5 Ke4 1-0

[Event "Portuguese Masters"]
[Site "Matosinhos"]
[Date "2015.06.13"]
[Round "9"]
[White "Dias, Ivo Rodrigues"]
[Black "Dantas, Carlos"]
[Result "1/2-1/2"]
[WhiteElo "2143"]
[BlackElo "2187"]
[PlyCount "24"]
[EventDate "2015.06.07"]
[EventType "tourn"]
[EventRounds "9"]
[EventCountry "POR"]
[SourceTitle "CBM 166 Extra"]
[Source "ChessBase"]
[SourceDate "2015.06.18"]
[SourceVersion "1"]
[SourceVersionDate "2015.06.18"]
[SourceQuality "1"]

1. e4 Nf6 2. Nc3 e5 3. Nf3 Nc6 4. Bb5 Bc5 5. d3 h6 6. 0-0 d6 7. Na4 Bb6 8. Nxb6 axb6 9. c3 Bg4 10. h3 Bh5 11. Re1 0-0 12. Qe2 Nd7 1/2-1/2

[Event "Portuguese Masters"]
[Site "Matosinhos"]
[Date "2015.06.12"]
[Round "8"]
[White "Dantas, Carlos"]
[Black "Silva, Luis Neves Da"]
[Result "1/2-1/2"]
[WhiteElo "2187"]
[BlackElo "2318"]
[PlyCount "115"]
[EventDate "2015.06.07"]
[EventType "tourn"]
[EventRounds "9"]
[EventCountry "POR"]
[SourceTitle "CBM 166 Extra"]
[Source "ChessBase"]
[SourceDate "2015.06.18"]
[SourceVersion "1"]
[SourceVersionDate "2015.06.18"]
[SourceQuality "1"]

1. e4 c5 2. Nc3 Nc6 3. g3 g6 4. Bg2 Bg7 5. d3 d6 6. Nge2 e5 7. Nd5 Be6 8. c4 Nge7 9. 0-0 0-0 10. f4 exf4 11. Bxf4 Bg4 12. Qd2 Nxd5 13. cxd5 Bxe2 14. Qxe2 Nd4 15. Qd2 a5 16. Bg5 Qd7 17. Bf6 a4 18. Rae1 Ra6 19. h4 Rb6 20. Kh2 Qb5 21. Qg5 h6 22. Qf4 Qxd3 23. Bxg7 Kxg7 24. Qf6+ Kg8 25. h5 Rxb2 26. hxg6 Qd2 27. gxf7+ Kh7 28. Rg1 Qg5 29. Qxg5 hxg5 30. Kh3 Rxf7 31. e5 dxe5 32. Rxe5 Kg6 33. Kg4 Nf5 34. Be4 Rb4 35. Rb1 Kg7 36. Rxb4 Nh6+ 37. Kh5 cxb4 38. Rxg5+ Kf6 39. Kxh6 Rc7 40. Rf5+ Ke7 41. Rf2 Kd6 42. Bc2 b5 43. g4 Rc3 44. g5 Rh3+ 45. Kg7 Ra3 46. Bb1 b3 47. g6 bxa2 48. Bxa2 b4 49. Kf7 Rg3 50. g7 b3 51. Bb1 a3 52. g8Q Rxg8 53. Kxg8 Kxd5 54. Bg6 a2 55. Rf5+ Kd4 56. Ra5 Kc3 57. Bf7 Kb2 58. Bxb3 1/2-1/2

[Event "Portuguese Masters"]
[Site "Matosinhos"]
[Date "2015.06.11"]
[Round "7"]
[White "Ferreira, Jorge Viterbo"]
[Black "Dantas, Carlos"]
[Result "1-0"]
[WhiteElo "2440"]
[BlackElo "2187"]
[PlyCount "31"]
[EventDate "2015.06.07"]
[EventType "tourn"]
[EventRounds "9"]
[EventCountry "POR"]
[SourceTitle "CBM 166 Extra"]
[Source "ChessBase"]
[SourceDate "2015.06.18"]
[SourceVersion "1"]
[SourceVersionDate "2015.06.18"]
[SourceQuality "1"]

1. Nf3 g6 2. c4 f5 3. Nc3 Nf6 4. d4 Bg7 5. e3 0-0 6. Be2 d6 7. 0-0 c6 8. b4 Qe8 9. a4 h6 10. b5 Kh7 11. Ba3 Nbd7 12. Qc2 c5 13. Rad1 Rb8 14. e4 f4 15. e5 dxe5 16. dxc5 1-0

[Event "Portuguese Masters"]
[Site "Matosinhos"]
[Date "2015.06.08"]
[Round "3"]
[White "Dantas, Carlos"]
[Black "Gomes, Miguel"]
[Result "0-1"]
[WhiteElo "2187"]
[BlackElo "2236"]
[PlyCount "80"]
[EventDate "2015.06.07"]
[EventType "tourn"]
[EventRounds "9"]
[EventCountry "POR"]
[SourceTitle "CBM 166 Extra"]
[Source "ChessBase"]
[SourceDate "2015.06.18"]
[SourceVersion "1"]
[SourceVersionDate "2015.06.18"]
[SourceQuality "1"]

1. e4 c5 2. Nc3 a6 3. g3 b5 4. Bg2 Bb7 5. Nh3 e6 6. 0-0 d6 7. d3 Be7 8. f4 Nf6 9. Kh1 b4 10. Ne2 Nc6 11. Be3 Ng4 12. Bg1 0-0 13. f5 exf5 14. Rxf5 Bf6 15. c3 Bc8 16. Rf1 bxc3 17. bxc3 Qa5 18. d4 cxd4 19. cxd4 Bd7 20. Nhf4 Bg5 21. Nd5 Rae8 22. a4 f5 23. e5 dxe5 24. dxe5 Ncxe5 25. Nef4 Nc4 26. Qc2 Rc8 27. h4 Nd2 28. Qa2 Nxf1 29. Rxf1 Bxf4 30. Rxf4 Kh8 31. Nb6 Rcd8 32. Qa1 Be6 33. Bd4 Rxd4 34. Qxd4 Qe1+ 35. Qg1 Qxg3 36. Rf3 Qxh4+ 37. Bh3 Ne5 38. Qc5 Nxf3 39. Qxf8+ Bg8 40. Qxf5 Qe1+ 0-1

[Event "Portuguese Masters"]
[Site "Matosinhos"]
[Date "2015.06.07"]
[Round "1"]
[White "Dantas, Carlos"]
[Black "Silva, Antonio Augusto MC"]
[Result "1/2-1/2"]
[WhiteElo "2187"]
[BlackElo "2169"]
[PlyCount "32"]
[EventDate "2015.06.07"]
[EventType "tourn"]
[EventRounds "9"]
[EventCountry "POR"]
[SourceTitle "CBM 166 Extra"]
[Source "ChessBase"]
[SourceDate "2015.06.18"]
[SourceVersion "1"]
[SourceVersionDate "2015.06.18"]
[SourceQuality "1"]

1. e4 Nf6 2. Nc3 d5 3. exd5 Nxd5 4. d4 Nxc3 5. bxc3 g6 6. Bc4 Bg7 7. Nf3 0-0 8. 0-0 c5 9. Ba3 cxd4 10. cxd4 Nc6 11. c3 Qa5 12. Qc1 Bg4 13. Ng5 Rac8 14. Bc5 Ne5 15. Qf4 Nxc4 16. Qxg4 Nd6 1/2-1/2

[Event "POR CupT 1/8f-1/4f"]
[Site "Torres Novas"]
[Date "2015.05.23"]
[Round "3.4"]
[White "Conceicao, Miguel Santos"]
[Black "Dantas, Carlos"]
[Result "0-1"]
[WhiteElo "2003"]
[BlackElo "2169"]
[PlyCount "54"]
[EventDate "2015.05.23"]
[EventType "team-k.o."]
[EventRounds "6"]
[EventCountry "POR"]
[SourceTitle "EXT 2018"]
[Source "ChessBase"]
[SourceDate "2017.10.13"]
[SourceVersion "1"]
[SourceVersionDate "2017.10.13"]
[SourceQuality "1"]
[WhiteTeam "Estarreja"]
[BlackTeam "O Amanha da Crianca"]
[WhiteTeamCountry "POR"]
[BlackTeamCountry "POR"]

1. d4 Nf6 2. c4 e6 3. Nc3 Bb4 4. f3 0-0 5. a3 Bxc3+ 6. bxc3 Nh5 7. Nh3 f5 8. Bg5 Qe8 9. g4 fxg4 10. fxg4 Nf6 11. Qd3 d5 12. Nf2 Nbd7 13. Bg2 Nb6 14. c5 Nc4 15. 0-0 c6 16. e4 Qg6 17. Bxf6 Rxf6 18. exd5 Rxf2 19. Qxc4 exd5 20. Qb3 Rd2 21. Rf4 Bxg4 22. Rf2 Rxf2 23. Kxf2 Rf8+ 24. Kg1 Qd3 25. Re1 Bf3 26. Qb1 Qxc3 27. Re3 Qxe3+ 0-1

[Event "POR-chT3 final"]
[Site "Vila Nova de Gaia"]
[Date "2010.08.01"]
[Round "3.1"]
[White "Morais, Vitor Mestre"]
[Black "Dantas, Carlos"]
[Result "0-1"]
[WhiteElo "2028"]
[BlackElo "2161"]
[PlyCount "92"]
[EventDate "2010.07.31"]
[EventType "team-tourn"]
[EventRounds "3"]
[EventCountry "POR"]
[SourceTitle "EXT 2015"]
[Source "ChessBase"]
[SourceDate "2014.11.20"]
[SourceVersion "1"]
[SourceVersionDate "2014.11.20"]
[SourceQuality "1"]
[WhiteTeam "EDP"]
[BlackTeam "Crianca Amanha"]
[WhiteTeamCountry "POR"]
[BlackTeamCountry "POR"]

1. c4 f5 2. Nc3 Nf6 3. g3 g6 4. Bg2 Bg7 5. Nf3 d6 6. d4 0-0 7. 0-0 c6 8. d5 e5 9. e3 Nh5 10. Nd2 c5 11. f4 e4 12. Re1 Bd7 13. Nf1 Na6 14. a3 Rb8 15. Rb1 Nc7 16. Bd2 b5 17. b3 b4 18. axb4 cxb4 19. Ne2 Ne6 20. g4 fxg4 21. Bxe4 Nc5 22. Bc2 Bf5 23. Bxf5 gxf5 24. Neg3 Qh4 25. Qc2 Nxg3 26. Nxg3 Qf6 27. Re2 Qg6 28. Bc1 h5 29. Bb2 h4 30. Bxg7 Kxg7 31. Nf1 Ne4 32. Ra1 Rb7 33. Qd3 Nc3 34. Rd2 Qf6 35. Ra6 Ne4 36. Rda2 Nc5 37. Qd4 Qxd4 38. exd4 Nxa6 39. Rxa6 Rf6 40. Ne3 Re7 41. Kf2 Kg6 42. c5 dxc5 43. Rxf6+ Kxf6 44. dxc5 Rxe3 45. Kxe3 Ke7 46. Kd4 g3 0-1

[Event "POR-chT3 final"]
[Site "Vila Nova de Gaia"]
[Date "2010.07.31"]
[Round "1.2"]
[White "Babo, Miguel Carranca Fei"]
[Black "Dantas, Carlos"]
[Result "0-1"]
[WhiteElo "1943"]
[BlackElo "2161"]
[PlyCount "70"]
[EventDate "2010.07.31"]
[EventType "team-tourn"]
[EventRounds "3"]
[EventCountry "POR"]
[SourceTitle "EXT 2015"]
[Source "ChessBase"]
[SourceDate "2014.11.20"]
[SourceVersion "1"]
[SourceVersionDate "2014.11.20"]
[SourceQuality "1"]
[WhiteTeam "Figueirense"]
[BlackTeam "Crianca Amanha"]
[WhiteTeamCountry "POR"]
[BlackTeamCountry "POR"]

1. d4 f5 2. Bg5 g6 3. Nc3 Bg7 4. e4 fxe4 5. Nxe4 d5 6. Nc5 b6 7. Nb3 Nf6 8. Nf3 0-0 9. Bd3 Bg4 10. Nbd2 c5 11. c3 Nc6 12. h3 Bxf3 13. Nxf3 Ne4 14. Bh4 cxd4 15. Bxe4 dxe4 16. Qb3+ Kh8 17. Ng5 dxc3 18. 0-0 cxb2 19. Rad1 Nd4 20. Nf7+ Rxf7 21. Qxf7 Qc7 22. Qd5 Ne2+ 23. Kh1 Rc8 24. Bg3 Qc5 25. Qb7 Nc3 26. Rd7 Bf6 27. Bc7 Re8 28. Bd6 Qc4 29. Rg1 exd6 30. Rxh7+ Kg8 31. Rc7 Qxa2 32. Qc6 Qe6 33. Rd7 Be5 34. Rxd6 Bxd6 35. Qxc3 Qe5 0-1

[Event "POR-chT 43rd"]
[Site "Barreiro"]
[Date "2001.06.17"]
[Round "4"]
[White "Dantas, Carlos"]
[Black "Ribeiro, Bruno Alexandre Rom"]
[Result "1/2-1/2"]
[WhiteElo "2210"]
[BlackElo "2207"]
[PlyCount "93"]
[EventDate "2001.06.14"]
[EventType "team-tourn"]
[EventRounds "9"]
[EventCountry "POR"]
[SourceTitle "EXT 2002"]
[Source "ChessBase"]
[SourceDate "2001.11.25"]
[SourceVersion "1"]
[SourceVersionDate "2001.11.25"]
[SourceQuality "1"]

1. d4 Nf6 2. Bg5 g6 3. Bxf6 exf6 4. e3 Bg7 5. c4 0-0 6. Nf3 d6 7. Bd3 f5 8. Nc3 Nd7 9. 0-0 Nf6 10. Qc2 Bd7 11. Rac1 Re8 12. b4 Rc8 13. Rfd1 c6 14. Qb3 Ne4 15. Nd2 Nxd2 16. Rxd2 f4 17. exf4 Bxd4 18. Ne4 Bf5 19. Ng3 Bxd3 20. Qxd3 c5 21. Ne2 Bg7 22. b5 a6 23. bxa6 bxa6 24. Kf1 Qh4 25. Qg3 Qe7 26. Rcd1 Rb8 27. Qa3 Rb6 28. Qa5 Rb2 29. Qxa6 Rxd2 30. Rxd2 Bc3 31. Rc2 Qe4 32. Qa4 d5 33. f3 Qe3 34. Qa3 d4 35. Qc1 d3 36. Qxe3 Rxe3 37. Kf2 dxe2 38. Rxe2 Rxe2+ 39. Kxe2 f5 40. Kd3 Bb4 41. Kc2 Kf7 42. Kb3 Ke6 43. Ka4 Kd6 44. Kb5 Ba3 45. Kb6 Kd7 46. Kb7 h6 47. g3 1/2-1/2

[Event "POR-chT 43rd"]
[Site "Barreiro"]
[Date "2001.06.16"]
[Round "3"]
[White "Frois, Antonio"]
[Black "Dantas, Carlos"]
[Result "1-0"]
[WhiteElo "2362"]
[BlackElo "2210"]
[PlyCount "113"]
[EventDate "2001.06.14"]
[EventType "team-tourn"]
[EventRounds "9"]
[EventCountry "POR"]
[SourceTitle "EXT 2002"]
[Source "ChessBase"]
[SourceDate "2001.11.25"]
[SourceVersion "1"]
[SourceVersionDate "2001.11.25"]
[SourceQuality "1"]

1. Nf3 g6 2. c4 Bg7 3. d4 Nf6 4. Nc3 0-0 5. g3 d5 6. cxd5 Nxd5 7. Bg2 c5 8. 0-0 Nc6 9. dxc5 Nxc3 10. bxc3 Bxc3 11. Bh6 Qxd1 12. Raxd1 Re8 13. Rb1 Rb8 14. Rfc1 Bf5 15. Rb3 Bf6 16. Bf4 e5 17. Be3 Be6 18. Rb5 a6 19. Rb6 Bd8 20. Rb2 f5 21. Ng5 Bxg5 22. Bxg5 Rec8 23. e4 Rc7 24. f4 Rbc8 25. exf5 gxf5 26. fxe5 Nxe5 27. Re2 Nd3 28. Rxe6 Nxc1 29. Bxc1 Rxc5 30. Bf4 Rb5 31. Re2 Rd8 32. h4 Rb1+ 33. Kf2 b5 34. Bh3 Rd5 35. Be5 Rdd1 36. Bf4 Rd5 37. h5 a5 38. Bg2 Rdd1 39. h6 Kf7 40. Rc2 Ra1 41. Bc6 Rab1 42. Bd2 a4 43. a3 Rf1+ 44. Kg2 Rbd1 45. Bb4 Rg1+ 46. Kh2 Kg6 47. Bd2 Kf6 48. Bxb5 f4 49. Bxf4 Rh1+ 50. Kg2 Rhg1+ 51. Kf2 Rh1 52. Rc6+ Ke7 53. Bxa4 Rhf1+ 54. Kg2 Rg1+ 55. Kf3 Ra1 56. Rc3 Kf6 57. Be3 1-0